[Event "Donostia Hiria Nazioarteko XXX"]
[Site "Donostia-San Sebastián"]
[Date "2009.04.12"]
[Round "9"]
[White "Santos Latasa, Jaime"]
[Black "Salgado Lopez, Ivan"]
[Result "1/2-1/2"]
[WhiteElo "2155"]
[BlackElo "2559"]
[PlyCount "76"]
[EventDate "2009.04.05"]
[EventRounds "9"]
[EventCountry "ESP"]

1. d4 Nf6 2. c4 e6 3. Nc3 Bb4 4. Qc2 d5 5. a3 Bxc3+ 6. Qxc3 Nc6 7. e3 e5 8. Nf3
exd4 9. Nxd4 O-O 10. Nxc6 bxc6 11. Be2 Ne4 12. Qd4 Nd6 13. cxd5 cxd5 14. O-O
Be6 15. b4 Nf5 16. Qe5 Qd7 17. Bb2 f6 18. Qc3 Nd6 19. Rfd1 c6 20. Rac1 Rfc8 21.
Ba6 Rc7 22. Qc5 Ne4 23. Qa5 Qf7 24. Qa4 Qe8 25. Bd4 Nd6 26. Bd3 Nc4 27. Qc2 h6
28. Bxc4 dxc4 29. Bc5 Rd8 30. Rxd8 Qxd8 31. Rd1 Rd7 32. Rxd7 Qxd7 33. Bd4 a6
34. f3 Qd5 35. Kf2 Qh5 36. Kg1 Qd5 37. Qa4 Qb5 38. Qxb5 cxb5 1/2-1/2

[Event "Donostia Hiria Nazioarteko XXX"]
[Site "Donostia-San Sebastián"]
[Date "2009.04.12"]
[Round "9"]
[White "Ivanov, Jordan"]
[Black "Maiorov, Nikita"]
[Result "1/2-1/2"]
[WhiteElo "2435"]
[BlackElo "2525"]
[PlyCount "75"]
[EventDate "2009.04.05"]
[EventRounds "9"]
[EventCountry "ESP"]

1. d4 Nf6 2. c4 e6 3. Nc3 Bb4 4. e3 O-O 5. Bd3 d5 6. cxd5 exd5 7. Bd2 Re8 8.
Rc1 a6 9. Nf3 b6 10. Ne5 Bb7 11. O-O Bd6 12. f4 c5 13. Be1 Nbd7 14. Bh4 Nf8 15.
Qf3 Be7 16. Rcd1 cxd4 17. exd4 Ne4 18. Bxe7 Rxe7 19. Nxe4 dxe4 20. Bxe4 Bxe4
21. Qxe4 f6 22. d5 fxe5 23. d6 Re8 24. Qd5+ Kh8 25. fxe5 Rb8 26. Rf7 Qg5 27. d7
Qe3+ 28. Kh1 Nxd7 29. Rxd7 Rxe5 30. Qxe5 Qxe5 31. Rd8+ Qe8 32. Rxe8+ Rxe8 33.
h3 Kg8 34. Rd6 Rb8 35. Rd7 b5 36. Ra7 Rb6 37. b4 h5 38. h4 1/2-1/2

[Event "Donostia Hiria Nazioarteko XXX"]
[Site "Donostia-San Sebastián"]
[Date "2009.04.12"]
[Round "9"]
[White "Thomassen, Joachim"]
[Black "Tratar, Marko"]
[Result "0-1"]
[WhiteElo "2289"]
[BlackElo "2488"]
[PlyCount "82"]
[EventDate "2009.04.05"]
[EventRounds "9"]
[EventCountry "ESP"]

1. e4 c5 2. Nf3 e6 3. d4 cxd4 4. Nxd4 a6 5. Nc3 Qc7 6. Be2 b5 7. O-O Bb7 8. Bf3
Nc6 9. Nxc6 dxc6 10. Qe2 e5 11. a4 Nf6 12. Bg5 Be7 13. Nd1 h6 14. Bd2 O-O 15.
Ne3 Rfd8 16. Rfd1 Bf8 17. c4 b4 18. a5 Rab8 19. Qe1 Bc8 20. Nc2 b3 21. Ne3 Bc5
22. Bc3 Bd4 23. Rd3 Be6 24. Rad1 c5 25. Rc1 Qe7 26. Qd1 Rdc8 27. Qe2 Qb7 28.
Nd5 Bxd5 29. cxd5 Ne8 30. Bxd4 cxd4 31. Rdd1 Nd6 32. Bg4 Rc2 33. Rxc2 bxc2 34.
Qxc2 Qxb2 35. Qc7 Nxe4 36. d6 Qxf2+ 37. Kh1 Rf8 38. Bf3 Nc3 39. Rc1 e4 40. Bxe4
Qe3 41. Rf1 Nxe4 0-1

[Event "Donostia Hiria Nazioarteko XXX"]
[Site "Donostia-San Sebastián"]
[Date "2009.04.12"]
[Round "9"]
[White "Pena Gomez, Manuel"]
[Black "Camacho Collados, Jose"]
[Result "1-0"]
[WhiteElo "2456"]
[BlackElo "2379"]
[PlyCount "55"]
[EventDate "2009.04.05"]
[EventRounds "9"]
[EventCountry "ESP"]

1. c4 Nf6 2. Nc3 g6 3. g3 Bg7 4. Bg2 O-O 5. e3 c6 6. Nge2 d5 7. cxd5 cxd5 8.
Qb3 e6 9. O-O Nc6 10. d3 b6 11. e4 Bb7 12. Bg5 d4 13. Na4 h6 14. Bd2 Nd7 15.
Rac1 Qe7 16. f4 Rab8 17. f5 a6 18. fxe6 fxe6 19. Rxf8+ Bxf8 20. Bh3 Kh7 21.
Bxe6 Nde5 22. Bf4 Re8 23. Bd5 b5 24. Nc5 Na5 25. Bg8+ Kh8 26. Bxe5+ Qxe5 27.
Qf7 Bg7 28. Nf4 1-0

[Event "Donostia Hiria Nazioarteko XXX"]
[Site "Donostia-San Sebastián"]
[Date "2009.04.12"]
[Round "9"]
[White "Markosian, David S"]
[Black "Valenti, Giuseppe"]
[Result "1/2-1/2"]
[WhiteElo "2444"]
[BlackElo "2201"]
[PlyCount "46"]
[EventDate "2009.04.05"]
[EventRounds "9"]
[EventCountry "ESP"]

1. g3 e6 2. Bg2 c5 3. Nf3 d5 4. O-O Nf6 5. c4 d4 6. d3 Nc6 7. e3 Be7 8. exd4
cxd4 9. Re1 O-O 10. Na3 h6 11. Nc2 Qb6 12. Rb1 a5 13. a3 a4 14. Nd2 Rd8 15. b4
axb3 16. Rxb3 Qc7 17. Nb4 Bd7 18. Nxc6 Bxc6 19. Bxc6 bxc6 20. Nf3 Nd7 21. Qc2
Nc5 22. Rb4 Nd7 23. Rb3 Nc5 1/2-1/2

[Event "Donostia Hiria Nazioarteko XXX"]
[Site "Donostia-San Sebastián"]
[Date "2009.04.12"]
[Round "9"]
[White "Herraiz Hidalgo, Herminio"]
[Black "Martin Alvarez, Inigo"]
[Result "1/2-1/2"]
[WhiteElo "2520"]
[BlackElo "2236"]
[PlyCount "39"]
[EventDate "2009.04.05"]
[EventRounds "9"]
[EventCountry "ESP"]

1. Nf3 d5 2. d4 Nf6 3. c4 c6 4. Nbd2 g6 5. e3 Bg7 6. b4 O-O 7. Bb2 a5 8. bxa5
Qxa5 9. Bd3 Na6 10. a3 Ne4 11. Qc2 Bf5 12. O-O Nxd2 13. Nxd2 Bxd3 14. Qxd3 Nc5
15. Qc2 Na4 16. Rab1 b5 17. cxb5 cxb5 18. Rfc1 Qa6 19. Nb3 Rfc8 20. Nc5 1/2-1/2

[Event "Donostia Hiria Nazioarteko XXX"]
[Site "Donostia-San Sebastián"]
[Date "2009.04.12"]
[Round "9"]
[White "Suarez Pousa, Diego"]
[Black "Vogel, Jaap"]
[Result "1-0"]
[WhiteElo "2431"]
[BlackElo "2234"]
[PlyCount "43"]
[EventDate "2009.04.05"]
[EventRounds "9"]
[EventCountry "ESP"]

1. e4 e6 2. d4 d5 3. Nc3 Bb4 4. exd5 exd5 5. Bd3 c5 6. dxc5 Nc6 7. Nge2 Nf6 8.
O-O Bxc5 9. Bg5 Be7 10. Nf4 d4 11. Bxf6 Bxf6 12. Re1+ Kf8 13. Ncd5 h5 14. Nxf6
Qxf6 15. Qf3 Bg4 16. Qg3 Rh6 17. f3 Bd7 18. h4 Nb4 19. Re2 Rc8 20. Rae1 Qd6 21.
Re6 Rxe6 22. Nxe6+ 1-0

[Event "Donostia Hiria Nazioarteko XXX"]
[Site "Donostia-San Sebastián"]
[Date "2009.04.12"]
[Round "9"]
[White "Cuenca Jimenez, Francisco Javie"]
[Black "Berbatov, Kiprian"]
[Result "0-1"]
[WhiteElo "2169"]
[BlackElo "2393"]
[PlyCount "98"]
[EventDate "2009.04.05"]
[EventRounds "9"]
[EventCountry "ESP"]

1. c4 g6 2. g3 Bg7 3. Bg2 d6 4. Nc3 e5 5. e4 Nc6 6. Nge2 h5 7. h4 Nh6 8. d3 O-O
9. f3 Be6 10. Be3 f5 11. Qd2 Kh7 12. b3 Nd4 13. Bg5 Qd7 14. Nxd4 exd4 15. Ne2
b5 16. O-O bxc4 17. bxc4 fxe4 18. fxe4 Nf7 19. Bf4 c5 20. Rab1 Rab8 21. Kh1 Qa4
22. Rb2 Rxb2 23. Qxb2 Ne5 24. Nc1 Qa6 25. Bxe5 Rxf1+ 26. Bxf1 Bxe5 27. Kg2 Qa5
28. Qf2 Kg7 29. Nb3 Qc3 30. Nd2 a5 31. Nf3 a4 32. Ng5 Bg8 33. Be2 a3 34. Bf1
Qb2 35. Kg1 Bf6 36. Bh3 Bxg5 37. hxg5 Qc1+ 38. Kg2 Qxg5 39. Qf4 Qxf4 40. gxf4
Kf6 41. Bd7 g5 42. f5 g4 43. Kg3 Kg5 44. Kf2 Bf7 45. Kg2 h4 46. Kf2 g3+ 47. Kg2
Kg4 48. Be6 h3+ 49. Kg1 Kf3 0-1

[Event "Donostia Hiria Nazioarteko XXX"]
[Site "Donostia-San Sebastián"]
[Date "2009.04.12"]
[Round "9"]
[White "Alvarez Fernandez, Enrique"]
[Black "Uriarte Prieto, Goyo"]
[Result "1-0"]
[WhiteElo "2376"]
[BlackElo "2148"]
[PlyCount "117"]
[EventDate "2009.04.05"]
[EventRounds "9"]
[EventCountry "ESP"]

1. d4 Nf6 2. Bf4 e6 3. e3 c5 4. c3 b6 5. Nf3 Bb7 6. Nbd2 Be7 7. h3 cxd4 8. exd4
O-O 9. Bh2 d6 10. Be2 Nbd7 11. O-O Re8 12. Re1 Bf8 13. a4 a6 14. Qb3 h6 15. Qa3
e5 16. Qb3 e4 17. Nh4 e3 18. fxe3 Ne4 19. Nhf3 Nxd2 20. Nxd2 Rxe3 21. Bf4 Qe7
22. Qd1 Re6 23. Bd3 Re8 24. Rxe6 Qxe6 25. Qg4 Qxg4 26. hxg4 Nf6 27. Nc4 Nd5 28.
Bxd6 Bxd6 29. Nxd6 Re3 30. Bf1 Bc6 31. Kf2 Re6 32. Nf5 Nf6 33. Ne3 Ne4+ 34. Ke2
Ng3+ 35. Kd2 Ne4+ 36. Kc2 Ng3 37. d5 Rxe3 38. dxc6 Nxf1 39. c7 Re8 40. Rxf1 Rc8
41. Rd1 Rxc7 42. Rd6 Rc4 43. b4 a5 44. Rxb6 Rxg4 45. Kb3 axb4 46. cxb4 Rxg2 47.
a5 Rg3+ 48. Ka4 Rg1 49. a6 h5 50. Kb5 Ra1 51. Rc6 h4 52. Kb6 g5 53. Rc5 f6 54.
Ra5 Re1 55. a7 Re8 56. a8=Q Rxa8 57. Rxa8+ Kg7 58. Kc5 h3 59. Kd4 {
Partida mal anotada e ilegible} 1-0

[Event "Donostia Hiria Nazioarteko XXX"]
[Site "Donostia-San Sebastián"]
[Date "2009.04.12"]
[Round "9"]
[White "Rubio Mejia, Luis Ignacio"]
[Black "Vaibhav, Suri"]
[Result "1/2-1/2"]
[WhiteElo "2363"]
[BlackElo "2222"]
[PlyCount "55"]
[EventDate "2009.04.05"]
[EventRounds "9"]
[EventCountry "ESP"]

1. d4 Nf6 2. c4 e6 3. Nc3 Bb4 4. e3 c5 5. Nge2 d5 6. a3 Ba5 7. dxc5 dxc4 8.
Qxd8+ Bxd8 9. Ng3 Nbd7 10. Bxc4 Nxc5 11. b4 Ncd7 12. Bb2 Nb6 13. Bd3 Bd7 14.
Nce4 Bc6 15. Rc1 a6 16. f3 Be7 17. Ke2 Nbd7 18. Rhd1 h6 19. Rd2 O-O 20. Nxf6+
Bxf6 21. Be4 Bb5+ 22. Kf2 Bxb2 23. Rxb2 Ne5 24. Rc7 f5 25. Bb1 Rf7 26. Rbc2 Bc6
27. Rxf7 Kxf7 28. Rc5 1/2-1/2

[Event "Donostia Hiria Nazioarteko XXX"]
[Site "Donostia-San Sebastián"]
[Date "2009.04.12"]
[Round "9"]
[White "Lakunza Oyarbide, Juan Carlos"]
[Black "Djingarova, Emilia"]
[Result "0-1"]
[WhiteElo "2158"]
[BlackElo "2334"]
[PlyCount "90"]
[EventDate "2009.04.05"]
[EventRounds "9"]
[EventCountry "ESP"]

1. d4 e6 2. c4 b6 3. Nf3 Bb7 4. g3 Bb4+ 5. Bd2 Bxd2+ 6. Qxd2 Bxf3 7. exf3 d5 8.
cxd5 exd5 9. Bd3 Qf6 10. O-O Ne7 11. Nc3 Nbc6 12. Bb5 O-O 13. Bxc6 Nxc6 14.
Nxd5 Qd6 15. Nc3 Nxd4 16. Kg2 Qf6 17. Qd3 Rad8 18. Rad1 c5 19. Ne4 Qf5 20. Rfe1
h6 21. Qc3 Rd5 22. Rd3 Rfd8 23. Rde3 Qg6 24. Nd2 Ne6 25. Nc4 Rd3 26. Qc1 Rxe3
27. Qxe3 Qd3 28. Rc1 b5 29. Na3 a6 30. Qe4 Qd5 31. b3 Qxe4 32. fxe4 Rd4 33. Kf3
Ng5+ 34. Ke3 Rxe4+ 35. Kd3 Rd4+ 36. Ke3 Rd5 37. Nc2 Ne6 38. f4 Kf8 39. Ne1 g5
40. Ke4 Rd4+ 41. Ke5 gxf4 42. gxf4 Ke7 43. Ng2 h5 44. Ne3 f6+ 45. Kf5 Kf7 0-1

[Event "Donostia Hiria Nazioarteko XXX"]
[Site "Donostia-San Sebastián"]
[Date "2009.04.12"]
[Round "9"]
[White "Gavilan Diaz, Mario"]
[Black "Diaz Herrero, Alvaro"]
[Result "1/2-1/2"]
[WhiteElo "2273"]
[BlackElo "2121"]
[PlyCount "145"]
[EventDate "2009.04.05"]
[EventRounds "9"]
[EventCountry "ESP"]

1. d4 Nf6 2. Nf3 c5 3. g3 cxd4 4. Nxd4 Nc6 5. Bg2 e5 6. Nb5 h6 7. Nd6+ Bxd6 8.
Qxd6 Qe7 9. Qd1 d5 10. b3 Bf5 11. Ba3 Qd7 12. O-O O-O-O 13. Nd2 Bh3 14. c4 h5
15. cxd5 Nxd5 16. Nc4 Bxg2 17. Nd6+ Kb8 18. Kxg2 Qe6 19. Qc1 Rxd6 20. Bxd6+
Qxd6 21. Rd1 Qe6 22. Qc4 Nc7 23. Qxe6 Nxe6 24. Rd7 Rf8 25. Rad1 Kc8 26. e3 f6
27. R7d6 Rd8 28. Rxd8+ Nexd8 29. Kf3 Kc7 30. Ke4 Ne7 31. h4 Ne6 32. Rc1+ Kd6
33. Rd1+ Kc6 34. Rc1+ Nc5+ 35. Kf3 e4+ 36. Ke2 a5 37. f3 f5 38. fxe4 fxe4 39.
g4 hxg4 40. Rg1 Kd5 41. Rxg4 g6 42. Kd2 Ne6 43. Rg1 b6 44. Rg2 Ke5 45. Rg1 Kf6
46. Rg4 Nc5 47. Rg3 Nc6 48. Kc3 Ne5 49. Rh3 Ke6 50. Kd4 Nf3+ 51. Kc4 Kd6 52. h5
gxh5 53. Rxh5 Nd2+ 54. Kb5 Kc7 55. Rh6 Nd3 56. Rc6+ Kd7 57. Kxb6 Nf1 58. Rc4
Nf2 59. Rc7+ Ke6 60. Rc2 Ng4 61. Kxa5 Nfxe3 62. Re2 Kd5 63. b4 Nc4+ 64. Ka6 e3
65. b5 Nge5 66. a4 Nd3 67. b6 Nc5+ 68. Kb5 Nxb6 69. Kxb6 Nxa4+ 70. Ka5 Kd4 71.
Kxa4 Kd3 72. Rh2 e2 73. Rxe2 1/2-1/2

[Event "Donostia Hiria Nazioarteko XXX"]
[Site "Donostia-San Sebastián"]
[Date "2009.04.12"]
[Round "9"]
[White "Arribas Lopez, Angel"]
[Black "Irure Crespo, Egoitz"]
[Result "1-0"]
[WhiteElo "2379"]
[BlackElo "1950"]
[PlyCount "105"]
[EventDate "2009.04.05"]
[EventRounds "9"]
[EventCountry "ESP"]

1. e4 c6 2. d4 d5 3. f3 e6 4. Nc3 Nf6 5. e5 Nfd7 6. f4 c5 7. Nf3 Nc6 8. Be3 Qb6
9. Na4 Qa5+ 10. c3 cxd4 11. b4 Nxb4 12. cxb4 Bxb4+ 13. Bd2 Bxd2+ 14. Nxd2 b5
15. Nb2 Qc3 16. Nd3 Nb6 17. Rc1 Qa5 18. Kf2 Nc4 19. Nb3 Qxa2+ 20. Qc2 Qxc2+ 21.
Rxc2 Bd7 22. Ndc5 Rc8 23. Be2 a5 24. Nxd7 Kxd7 25. Nxd4 b4 26. Ra1 Na3 27. Rxc8
Rxc8 28. Ke3 Rc5 29. Bd3 Kc7 30. g4 g6 31. f5 Kd7 32. Ne2 Ke7 33. Rc1 Rxc1 34.
f6+ Kd7 35. Nxc1 Nc4+ 36. Kd4 Nd2 37. Bb5+ Kd8 38. Ke3 Nc4+ 39. Kf4 h6 40. h4
g5+ 41. hxg5 hxg5+ 42. Kxg5 Nxe5 43. Nb3 Nd7 44. Nxa5 Nc5 45. Kh6 b3 46. Nxb3
Nxb3 47. Kg7 Nd4 48. Kxf7 Nxb5 49. g5 Nd6+ 50. Kxe6 Ne4 51. g6 Ke8 52. g7 Ng5+
53. Kf5 1-0